Problemas sociales y económicos de América Latina
में बचाया:
| मुख्य लेखक: | |
|---|---|
| स्वरूप: | पुस्तक |
| भाषा: | स्पेनिश |
| प्रकाशित: |
Santiago
Universidad de Chile
1936
|
| विषय: | |
| टैग: |
टैग जोड़ें
कोई टैग नहीं, इस रिकॉर्ड को टैग करने वाले पहले व्यक्ति बनें!
|
MARC
| LEADER | 00000nam a2200000 a 4500 | ||
|---|---|---|---|
| 001 | UCT8615 | ||
| 003 | CL-VaPUC | ||
| 008 | 970326e19360000CL |||||||||||||||||spa|d | ||
| 082 | 0 | 4 | |a 361.98 |b POB |2 21 |
| 100 | |a Poblete Troncoso, Moisés |e autor |9 605356 | ||
| 245 | 1 | 0 | |a Problemas sociales y económicos de América Latina |
| 300 | |a 247 p | ||
| 942 | |c BK | ||
| 945 | |d 19970326 00:00:00 |a paguirre | ||
| 260 | |a Santiago |b Universidad de Chile |c 1936 | ||
| 650 | 0 | |a Problemas sociales |9 258537 | |
| 650 | 0 | |a Pobreza |9 258652 | |
| 650 | 0 | |a Poblaciones |9 338556 | |
| 650 | 0 | |a Demografía |9 260008 | |
| 650 | 7 | |a TASA DE NATALIDAD |2 CL-VaPUC |9 380454 | |
| 650 | 7 | |a MORTALIDAD |2 CL-VaPUC |9 341601 | |
| 650 | 7 | |a MORTALIDAD INFANTIL |2 CL-VaPUC |9 376763 | |
| 650 | 7 | |a POLITICA AGRARIA |2 CL-VaPUC |9 264314 | |
| 650 | 7 | |a SISTEMAS AGRICOLAS |2 CL-VaPUC |9 360420 | |
| 651 | 0 | |a América Latina |9 255027 | |
| 583 | |a last modification |c 19970326 00:00:00 |k Rodrigo Vera | ||
| 999 | |c 257103 |d 257101 | ||
| 952 | |0 0 |1 0 |4 0 |6 361_980000000000000_POB_1936 |7 0 |8 A |9 280347 |a BIBDER |b BIBDER |d 2019-11-19 |i 1813617 |o 361.98 POB 1936 |p 1813617 |r 2024-05-23 |w 2019-11-19 |y BK |k DER | ||
| 952 | |0 0 |1 0 |4 0 |6 361_980000000000000_POB_1936 |7 0 |8 X |9 280348 |a BIBHIS |b BIBHIS |d 2019-11-19 |i 1336843 |o 361.98 POB 1936 |p 1336843 |r 2024-01-30 |w 2019-11-19 |y BK_X |k HIS | ||